Statistiques concernant Les prénoms les plus attribués dans les années 1990

Cliquez ici pour prendre le quiz!

Statistiques générales

  • Ce quiz a été pris 5 429 fois
  • Le résultat moyen est 53 sur 100

Statistiques - réponses

RangPrénom% Correct
17Julie
92%
7Marie
91%
52Paul
88%
2Kévin
82%
28Pierre
80%
9Julien
79%
21Léa
79%
64Louis
79%
1Thomas
79%
3Alexandre
78%
16Antoine
73%
8Laura
72%
94Emma
71%
4Nicolas
71%
6Camille
70%
40Emilie
69%
5Maxime
69%
19Pauline
69%
46Lucie
68%
66Sophie
67%
53Aurélie
66%
80Juliette
66%
11Manon
66%
10Marine
66%
23Marion
66%
36Mathieu
64%
13Romain
64%
43Charlotte
63%
20Clément
63%
18Guillaume
63%
33Chloé
62%
38Lucas
62%
25Sarah
62%
12Quentin
61%
55Théo
60%
30Elodie
59%
50Sébastien
59%
14Anthony
58%
56David
58%
32Mathilde
58%
47Hugo
57%
27Alexis
56%
63Céline
56%
15Florian
56%
90Alice
55%
34Vincent
55%
24Benjamin
54%
68Caroline
54%
26Jérémy
54%
35Justine
54%
29Valentin
54%
58Claire
53%
57Amélie
52%
89Clara
52%
76Clémence
52%
93Alexandra
51%
51Damien
50%
81Victor
50%
37Adrien
49%
97Florent
49%
31Mélanie
49%
44Audrey
48%
22Anaïs
47%
72Arthur
47%
60Baptiste
47%
91Lisa
46%
73Simon
44%
84Bastien
43%
96Fabien
43%
65Margaux
43%
83Thibault
43%
98Benoît
42%
85Noémie
42%
48Jonathan
41%
92Cédric
40%
95Raphaël
40%
45Amandine
39%
49Océane
39%
82Arnaud
38%
67Fanny
38%
86Jessica
38%
71Matthieu
38%
70Rémi
38%
62Corentin
37%
41Morgane
37%
69Aurélien
36%
79Axel
35%
61Mickaël
35%
75Coralie
34%
39Dylan
34%
54Mélissa
33%
42Jordan
32%
59Loïc
32%
88Estelle
30%
77Maéva
30%
78Laëtitia
29%
74Cindy
28%
100Adeline
27%
87Ophélie
25%
99Steven
18%

Distribution des résultats

Percentile par nombre de réponses

% des personnes avec chaque résultat

Votre développement - résultats

Vous n’avez pas pris ce quiz